| 000 | 00349 a2200145 4500 | ||
|---|---|---|---|
| 001 | 151962 | ||
| 040 | _cEscola São Tomás de Aquino | ||
| 100 | _aDOYLE, Arthur Conan | ||
| 240 | 1 | 0 |
_aAventuras de Sherlock Holmes _lpor |
| 245 | 1 | 0 | _aAventuras de Sherlock Holmes |
| 300 | _a142 | ||
| 362 | 0 | _a1989 | |
| 697 | _a*LITERATURA JUVENIL | ||
| 942 | _cBK | ||
| 999 |
_c151962 _d151962 |
||